| 000 | 00000nam##2200000za#4500 |
| 001 | 9.642507 |
| 003 | CaOODSP |
| 005 | 20231102100625 |
| 007 | cr ||||||||||| |
| 008 | 150407|2008||||xxc|||||o f|0| 0 fre|d |
| 040 | |aCaOODSP|bfre |
| 043 | |an-cn--- |
| 086 | 1 |aD74-8/2008F-PDF |
| 110 | 2 |aBureau de l'ombudsman de la Défense nationale et des Forces canadiennes. |
| 245 | 13|aUn long chemin vers la guérison - le combat contre les traumatismes liés au stress opérationnel : |h[ressource électronique]|bdeuxième examen des mesures du ministère de la Défense nationale et des Forces canadiennes relatives aux traumatismes liés au stress opérationnel / |c[par] Mary McFadyen. |
| 246 | 1 |aRapport spécial au ministre de la Défense nationale |
| 260 | |aOttawa - Ontario : |bBureau de l'ombudsman de la Défense nationale et des Forces canadiennes |cDécembre 2008. |
| 300 | |a68p. |
| 500 | |aPlaignant: Christian McEachern. |
| 590 | |a13-23-Supp|b2013-10-08 |
| 775 | 08|tA long road to recovery - battling operational stress injuries : |w(CaOODSP)9.698500 |
| 856 | 40|ahttp://publications.gc.ca|qPDF|s568 Ko|uhttps://publications.gc.ca/collections/collection_2013/dn-nd/D74-8-2008-fra.pdf |